000 01094nam a2200301Ia 4500
003 OSt
005 20221007123430.0
006 a|||||r|||| 00| 0
007 ta
008 221006b |||||||| |||| 00| 0 eng d
020 _a9971513056 (pbk)
_c
_ 8.95
024 _a10999
037 _bN R,
_cTextual
040 _aPAPL
_cPAPL
_beng
041 _2eng
_aeng
082 _aD65,4, N4;P1-;2
100 _aHaykin Simon
245 0 _aCommunication systems by Simon Haykin
250 _aEd 4
260 _aNew
_bYork John Wiley Sons, Inc.
_c2001
300 _axviii, 816p
_ccm.
500 _aIncludes bibliographical references; Appendix 1-6, 703-770p; Glossary 771-776p; Bibliography 777-791p; Index 792-816p; ^n23/CSL/CARPA/2003-2004/984^d2003-11-10^mPurchase; ; 2003-04/532^b2003-12-03^c102/03^d2003-11-24^eRs.370.00^fN R Book Distributors; ; 2003-12-18^bSB^c2003-12-18^Vinay
650 _a Electronics
650 _a Telecommunication
_9235632
650 _aEngineering
942 _hD65,4, N4;P1-;2
_cTEXL
_2CC
999 _c1211874
_d1211874